Tabela medalowa Zimowych Igrzysk Olimpijskich 2022 - Statystyki

Ogólne statystyki
  • Ten quiz został rozwiązany 1 744 razy
  • Średni wynik to 16 z 19
Statystyki odpowiedzi
Złote Srebrne Brązowe Medali Państwo % Poprawnych
8 10 7 25 Stany Zjednoczone
99%
9 4 2 15 Chiny
96%
4 8 14 26 Kanada
96%
16 8 13 37 Norwegia
96%
12 10 5 27 Niemcy
95%
8 5 5 18 Szwecja
95%
5 7 2 14 Francja
94%
3 6 9 18 Japonia
93%
6 12 14 32 Rosyjski Komitet Olimpijski
93%
2 7 8 17 Włochy
93%
2 2 4 8 Finlandia
91%
7 7 4 18 Austria
86%
7 2 5 14 Szwajcaria
85%
2 5 2 9 Korea Południowa
81%
8 5 4 17 Holandia
76%
1 2 1 4 Australia
67%
2 3 2 7 Słowenia
64%
1 0 2 3 Węgry
48%
2 1 0 3 Nowa Zelandia
42%
Nie znaleziono quizów pasujących do podanych kryteriów
Rozkład punktacji
Procent ludzi z każdym wynikiem
Percentyl według liczby udzielonych odpowiedzi
Twoja historia wyników
Nie rozwiązałeś tego quizu